Guess the Fusion Rock Song Lyrics #147 - Statistics

General Stats
  • This quiz has been taken 11 times
  • The average score is 95 of 146
Answer Stats
Answer % Correct
I
100%
you
100%
a
90%
been
90%
it's
90%
It's
90%
not
90%
of
90%
on
90%
the
90%
in
80%
love
80%
my
80%
Oh
80%
day
70%
ho
70%
know
70%
magic
60%
so
60%
head
50%
Never
50%
believe
40%
break
40%
daybreak
40%
Dream
40%
morning
40%
sunny
40%
awake
30%
away
30%
light
30%
pillow
30%
seen
30%
bed
20%
Crazy
20%
Dreaming
20%
far
20%
Pilot
20%
playing
20%
Lazy
10%
Leaning
10%
Music
10%
music
10%
No matching quizzes found
Score Distribution
Percent of People with Each Score
Percentile by Number Answered
Your Score History
You have not taken this quiz